[Event "TUR-ch"]
[Site "Kemer"]
[Date "2023.12.05"]
[Round "4"]
[White "Yilmazyerli, Mert"]
[Black "Taspinar, Yanki"]
[Result "1-0"]
[WhiteElo "2524"]
[BlackElo "2318"]
[PlyCount "99"]
[EventDate "2023.12.02"]
[EventType "tourn"]
[EventRounds "9"]
[EventCountry "TUR"]
[EventCategory "3"]
[SourceTitle "CB50_2023"]
[SourceDate "2023.12.13"]
[SourceVersion "1"]
[SourceVersionDate "2023.12.13"]
[SourceQuality "1"]

1. d4 Nf6 2. c4 e6 3. Nf3 Bb4+ 4. Nbd2 b6 5. a3 Bxd2+ 6. Bxd2 Bb7 7. Bf4 d6 8. e3 Nbd7 9. Be2 0-0 10. h3 Qe7 11. 0-0 Ne4 12. Bh2 Ndf6 13. Qc2 c5 14. b4 Rac8 15. Qb2 Rfd8 16. Rfd1 h6 17. a4 cxb4 18. Qxb4 a5 19. Qa3 Ba6 20. Rdc1 Qb7 21. Qb2 Rc6 22. Rc2 Rdc8 23. Rac1 Qa7 24. Bf1 Ng5 25. Nd2 Qd7 26. Nb3 Nge4 27. f3 Ng5 28. h4 Ngh7 29. Nd2 Qb7 30. e4 d5 31. cxd5 Rxc2 32. Rxc2 Rxc2 33. Qxc2 Bxf1 34. Nxf1 exd5 35. Qc7 Qa8 36. e5 Ne8 37. Qxb6 Nf8 38. Bg3 Ne6 39. f4 g6 40. h5 N8g7 41. hxg6 fxg6 42. Ne3 Kh7 43. Kh2 h5 44. f5 gxf5 45. Nxf5 Qe8 46. Nxg7 Kxg7 47. Bh4 Qd7 48. Qd6 Nf8 49. Qxd7+ Nxd7 50. Bd8 1-0

[Event "TUR-ch"]
[Site "Kemer"]
[Date "2023.12.03"]
[Round "2"]
[White "Gunduz, Umut Erdem"]
[Black "Taspinar, Yanki"]
[Result "1/2-1/2"]
[WhiteElo "2318"]
[BlackElo "2318"]
[PlyCount "84"]
[EventDate "2023.12.02"]
[EventType "tourn"]
[EventRounds "9"]
[EventCountry "TUR"]
[EventCategory "3"]
[SourceTitle "CB50_2023"]
[SourceDate "2023.12.13"]
[SourceVersion "1"]
[SourceVersionDate "2023.12.13"]
[SourceQuality "1"]

1. e4 e5 2. Nf3 Nc6 3. d4 exd4 4. Bc4 Nf6 5. e5 Ne4 6. 0-0 Be7 7. c3 d5 8. Bb3 dxc3 9. Bxd5 cxb2 10. Bxb2 Nc5 11. Bxc6+ bxc6 12. Nd4 Ne6 13. Nxc6 Qxd1 14. Rxd1 Bc5 15. Ba3 Bd7 16. Bxc5 Bxc6 17. Ba3 Ba4 18. Rd2 Rd8 19. Rxd8+ Kxd8 20. Nc3 Bc6 21. Rd1+ Kc8 22. Bc1 Rd8 23. Rxd8+ Nxd8 24. f4 Bd7 25. Kf2 Be6 26. Be3 Nc6 27. a3 a6 28. Ne4 h5 29. Kg3 Ne7 30. Nc5 Nf5+ 31. Kf2 Bc4 32. Bd2 g6 33. g3 Nd4 34. Bc3 Ne6 35. Ne4 Kd7 36. f5 gxf5 37. Nf6+ Ke7 38. Nxh5 c5 39. h4 Nc7 40. Ng7 Bd3 41. h5 Nd5 42. h6 f4 1/2-1/2

[Event "EU-ch U16 31st"]
[Site "Mamaia"]
[Date "2023.09.09"]
[Round "5"]
[White "Vagman, Roy"]
[Black "Taspinar, Yanki"]
[Result "1/2-1/2"]
[WhiteElo "2327"]
[BlackElo "2290"]
[PlyCount "59"]
[EventDate "2023.09.05"]
[EventType "swiss"]
[EventRounds "9"]
[EventCountry "ROU"]
[SourceTitle "EXT 2024"]
[Source "ChessBase"]
[SourceDate "2023.10.10"]
[SourceVersion "1"]
[SourceVersionDate "2023.10.10"]
[SourceQuality "1"]

1. e4 e5 2. Nf3 Nc6 3. Bb5 g6 4. c3 a6 5. Bxc6 dxc6 6. d4 exd4 7. cxd4 Bg7 8. h3 Ne7 9. Nc3 Qd6 10. 0-0 h6 11. Be3 0-0 12. Qd2 g5 13. h4 g4 14. Bf4 Qf6 15. Ne5 Qxh4 16. Rad1 Be6 17. Qe3 Rad8 18. b3 Rfe8 19. Bg3 Qh5 20. Ne2 Bc8 21. f3 gxf3 22. gxf3 f6 23. Nd3 Nf5 24. Qf2 Nxg3 25. Qxg3 Qg5 26. Kf2 Qxg3+ 27. Kxg3 Kf7 28. Kf2 h5 29. Rh1 Rh8 30. Rh4 1/2-1/2

[Event "Ankara Baskent Univ op 6th"]
[Site "Ankara"]
[Date "2023.08.16"]
[Round "2"]
[White "Mustafayev, Nihad"]
[Black "Taspinar, Yanki"]
[Result "1/2-1/2"]
[WhiteElo "2008"]
[BlackElo "2307"]
[PlyCount "55"]
[EventDate "2023.08.15"]
[EventType "swiss"]
[EventRounds "9"]
[EventCountry "TUR"]
[SourceTitle "CBM 215 Extra"]
[Source "ChessBase"]
[SourceDate "2023.09.30"]
[SourceVersion "1"]
[SourceVersionDate "2023.09.30"]
[SourceQuality "1"]

1. d4 d5 2. c4 e6 3. Nc3 c6 4. cxd5 exd5 5. Nf3 Nf6 6. Bg5 h6 7. Bh4 Bf5 8. e3 Be7 9. Bd3 Bxd3 10. Qxd3 Nbd7 11. 0-0 0-0 12. Rae1 Re8 13. Bxf6 Bxf6 14. e4 dxe4 15. Nxe4 Re6 16. Re2 Be7 17. Rfe1 Bf8 18. h3 Qa5 19. Nc3 Rxe2 20. Rxe2 Rd8 21. Qe4 Nf6 22. Qh4 Qh5 23. Qf4 Bd6 24. Ne5 Re8 25. Re3 Qg5 26. Nd7 Rd8 27. Nxf6+ gxf6 28. Nb5 1/2-1/2

[Event "TUR-chT"]
[Site "Ankara"]
[Date "2023.07.14"]
[Round "5.3"]
[White "Taspinar, Yanki"]
[Black "Kilic, Eray"]
[Result "1/2-1/2"]
[WhiteElo "2302"]
[BlackElo "2422"]
[PlyCount "117"]
[EventDate "2023.07.10"]
[EventType "team-tourn"]
[EventRounds "11"]
[EventCountry "TUR"]
[SourceTitle "EXT 2024"]
[Source "ChessBase"]
[SourceDate "2023.10.10"]
[SourceVersion "1"]
[SourceVersionDate "2023.10.10"]
[SourceQuality "1"]
[WhiteTeam "Apaydin"]
[BlackTeam "Gokturk"]
[WhiteTeamCountry "TUR"]
[BlackTeamCountry "TUR"]

1. d4 Nf6 2. c4 e6 3. Nc3 Bb4 4. Qc2 d5 5. cxd5 exd5 6. Bg5 h6 7. Bh4 c5 8. dxc5 g5 9. Bg3 Ne4 10. e3 Qa5 11. Rc1 0-0 12. Bd3 Bf5 13. Nge2 Nd7 14. Bd6 Ndxc5 15. Bxc5 Bxc5 16. 0-0 Bd6 17. Nd4 Bg6 18. Nb3 Qd8 19. Nxe4 dxe4 20. Bxe4 Bxe4 21. Qxe4 Qf6 22. Rfd1 b6 23. Nd4 Rad8 24. b3 Rfe8 25. Qf5 Qxf5 26. Nxf5 Ba3 27. Rb1 Kh7 28. g4 Kg6 29. Kg2 h5 30. h3 a5 31. Kf3 h4 32. Ke2 Rxd1 33. Rxd1 Rc8 34. Nd4 Bb4 35. Rb1 Rc3 36. Rb2 Rc1 37. Rc2 Re1+ 38. Kf3 Bc5 39. Nc6 f6 40. Rd2 Ra1 41. Nd8 f5 42. gxf5+ Kxf5 43. Rd5+ Kf6 44. a4 Rg1 45. Nb7 Ke6 46. e4 Ba3 47. Nd8+ Kf6 48. Rf5+ Kg6 49. Nc6 Bc5 50. Ne5+ Kg7 51. Ng4 Kg6 52. Rf6+ Kg7 53. Rf5 Kg6 54. Rd5 Rb1 55. Rd3 Rb2 56. Kg2 Re2 57. Kf3 Rb2 58. Kg2 Re2 59. Kf3 1/2-1/2

[Event "TUR-chT"]
[Site "Ankara"]
[Date "2023.07.13"]
[Round "4.5"]
[White "Eren, Ataberk"]
[Black "Taspinar, Yanki"]
[Result "1/2-1/2"]
[WhiteElo "2324"]
[BlackElo "2302"]
[PlyCount "81"]
[EventDate "2023.07.10"]
[EventType "team-tourn"]
[EventRounds "11"]
[EventCountry "TUR"]
[SourceTitle "EXT 2024"]
[Source "ChessBase"]
[SourceDate "2023.10.10"]
[SourceVersion "1"]
[SourceVersionDate "2023.10.10"]
[SourceQuality "1"]
[WhiteTeam "Bursa Buyuksehir"]
[BlackTeam "Apaydin"]
[WhiteTeamCountry "TUR"]
[BlackTeamCountry "TUR"]

1. d4 d5 2. c4 e6 3. Nc3 a6 4. cxd5 exd5 5. Nf3 Nf6 6. Bg5 Be6 7. e3 Nbd7 8. Bd3 h6 9. Bh4 g5 10. Bg3 Nh5 11. 0-0 Nxg3 12. hxg3 c6 13. Re1 Bg7 14. e4 0-0 15. exd5 cxd5 16. Bc2 Qb6 17. Qd3 Rfe8 18. Qh7+ Kf8 19. Bb3 Qd6 20. Rad1 Rad8 21. Re2 Nf6 22. Qd3 b5 23. a3 Bg4 24. Rde1 Rxe2 25. Rxe2 Re8 26. Re5 Bxf3 27. Rxe8+ Nxe8 28. gxf3 Nc7 29. Kg2 Qg6 30. Qd2 Qb6 31. Ne2 Bf6 32. Qd3 Kg7 33. Bc2 Kf8 34. Qh7 Bg7 35. Qf5 Qe6 36. Qd3 Qb6 37. Qc3 Bf6 38. Bf5 Kg7 39. f4 Ne6 40. fxg5 hxg5 41. Qe3 1/2-1/2

[Event "TUR-chT"]
[Site "Ankara"]
[Date "2023.07.11"]
[Round "2.6"]
[White "Ipek, Egehan"]
[Black "Taspinar, Yanki"]
[Result "1-0"]
[WhiteElo "2258"]
[BlackElo "2302"]
[PlyCount "91"]
[EventDate "2023.07.10"]
[EventType "team-tourn"]
[EventRounds "11"]
[EventCountry "TUR"]
[SourceTitle "EXT 2024"]
[Source "ChessBase"]
[SourceDate "2023.10.10"]
[SourceVersion "1"]
[SourceVersionDate "2023.10.10"]
[SourceQuality "1"]
[WhiteTeam "Karaman Futbol"]
[BlackTeam "Apaydin"]
[WhiteTeamCountry "TUN"]
[BlackTeamCountry "TUR"]

1. d4 d5 2. c4 e6 3. Nf3 Nf6 4. Nc3 dxc4 5. e4 b5 6. e5 Nd5 7. Nxb5 Nb6 8. Be3 Bb4+ 9. Nc3 Bb7 10. Be2 Nc6 11. 0-0 0-0 12. Qc2 Be7 13. Qe4 Kh8 14. Rad1 Rb8 15. Qg4 Nb4 16. Nd2 Ba6 17. Nde4 N6d5 18. Bc1 Nd3 19. b3 Nxc3 20. Nxc3 c5 21. dxc5 Qa5 22. Bd2 Qxc5 23. Ne4 Qc6 24. Bc3 Rbd8 25. Nd6 Qc5 26. Qg3 Bxd6 27. exd6 e5 28. Bxd3 cxd3 29. Qxe5 Qxe5 30. Bxe5 d2 31. Rxd2 Bxf1 32. Kxf1 Rd7 33. Bd4 Rxd6 34. Bxg7+ Kxg7 35. Rxd6 Rc8 36. Ra6 Rc7 37. Ke2 Rc2+ 38. Ke3 Rc3+ 39. Kf4 Rc7 40. h4 Re7 41. g4 h6 42. f3 f6 43. b4 Kf7 44. a4 Kg7 45. b5 Rd7 46. Kf5 1-0

[Event "Titled Tuesday intern op 04th Jul Early"]
[Site "Chess.com INT"]
[Date "2023.07.04"]
[Round "10"]
[White "Dubov, Daniil"]
[Black "Taspinar, Yanki"]
[Result "1-0"]
[WhiteElo "2716"]
[BlackElo "2302"]
[PlyCount "73"]
[EventDate "2023.07.04"]
[EventType "swiss (blitz)"]
[EventRounds "11"]
[EventCountry "USA"]
[SourceTitle "EXT 2024"]
[Source "ChessBase"]
[SourceDate "2023.10.10"]
[SourceVersion "1"]
[SourceVersionDate "2023.10.10"]
[SourceQuality "1"]

1. e4 e6 2. d4 d5 3. e5 c5 4. c3 Nc6 5. Nf3 Bd7 6. Be2 Rc8 7. 0-0 Qb6 8. Na3 cxd4 9. cxd4 Nh6 10. Bxh6 gxh6 11. Nc2 Bg7 12. Ne3 f6 13. Ng4 fxe5 14. Ngxe5 Nxd4 15. Nxd4 Bxe5 16. Bh5+ Kd8 17. Nf3 Bd6 18. Rc1 Rf8 19. Rxc8+ Kxc8 20. Qc1+ Kb8 21. Qxh6 Qxb2 22. Qxh7 Bc6 23. Bg4 e5 24. Qh6 Qa3 25. h4 d4 26. h5 Qb4 27. Qg7 Bb5 28. Nxe5 Ka8 29. a3 Qd2 30. Bf3 Ba6 31. Rb1 Rb8 32. Nd7 Qc2 33. Qg6 Bd3 34. Bxb7+ Rxb7 35. Qe8+ Bb8 36. Qxb8+ Rxb8 37. Rxb8# 1-0

[Event "Titled Tuesday intern op 04th Jul Early"]
[Site "Chess.com INT"]
[Date "2023.07.04"]
[Round "7"]
[White "Taspinar, Yanki"]
[Black "Kovalenko, Igor"]
[Result "1-0"]
[WhiteElo "2302"]
[BlackElo "2674"]
[PlyCount "145"]
[EventDate "2023.07.04"]
[EventType "swiss (blitz)"]
[EventRounds "11"]
[EventCountry "USA"]
[SourceTitle "EXT 2024"]
[Source "ChessBase"]
[SourceDate "2023.10.10"]
[SourceVersion "1"]
[SourceVersionDate "2023.10.10"]
[SourceQuality "1"]

1. Nf3 d5 2. g3 Bg4 3. Bg2 Nd7 4. d4 c6 5. 0-0 e6 6. c4 Bd6 7. b3 Ne7 8. Bb2 0-0 9. Nbd2 a5 10. e4 a4 11. h3 Bh5 12. Qc1 Qa5 13. Bc3 Bb4 14. Bxb4 Qxb4 15. a3 Qb6 16. b4 Bxf3 17. c5 Qb5 18. Bxf3 dxe4 19. Nxe4 Qd3 20. Kg2 Rad8 21. Rd1 Qa6 22. Nd6 Nc8 23. b5 cxb5 24. Bxb7 Qa5 25. Bxc8 Rxc8 26. Nxc8 Rxc8 27. Qf4 Nf6 28. Rac1 Nd5 29. Qd6 g6 30. c6 Qa8 31. Kg1 Rd8 32. Qc5 Nc7 33. Qb6 Qc8 34. Rc5 Rd6 35. Rdc1 Rxd4 36. R5c3 Qd8 37. Qa5 h5 38. h4 e5 39. Re3 e4 40. Rce1 f5 41. Qb6 Kh7 42. Rc3 Kh6 43. Qc5 Rd5 44. Qe3+ Kh7 45. Rec1 Rd2 46. Qa7 Kh6 47. Qe3+ Kh7 48. Kg2 Kg7 49. R3c2 Rd3 50. Qc5 Kf6 51. Rc3 Rd2 52. Qe3 Qd6 53. Qg5+ Kf7 54. R3c2 Rd3 55. Rc3 Rd2 56. Rc5 Rd4 57. Qh6 Kg8 58. R5c2 Rd3 59. Qg5 Kf7 60. Rc5 Rxa3 61. Qh6 Rd3 62. Qh7+ Kf8 63. Qh8+ Kf7 64. Re5 e3 65. Qh7+ Kf6 66. Qh8+ Kf7 67. Rcc5 exf2 68. Qh7+ Kf6 69. Qh8+ Kf7 70. Qh7+ Kf6 71. Rxf5+ gxf5 72. Rxf5+ Ke6 73. Qf7# 1-0

[Event "Titled Tuesday intern op 27th Jun Early"]
[Site "Chess.com INT"]
[Date "2023.06.27"]
[Round "10"]
[White "Taspinar, Yanki"]
[Black "Manukian, Artak"]
[Result "1-0"]
[WhiteElo "2278"]
[BlackElo "2196"]
[PlyCount "81"]
[EventDate "2023.06.27"]
[EventType "swiss (blitz)"]
[EventRounds "11"]
[EventCountry "USA"]
[SourceTitle "EXT 2024"]
[Source "ChessBase"]
[SourceDate "2023.10.10"]
[SourceVersion "1"]
[SourceVersionDate "2023.10.10"]
[SourceQuality "1"]

1. Nf3 g6 2. g3 Bg7 3. Bg2 d6 4. e4 Nf6 5. Nc3 c5 6. 0-0 0-0 7. d4 cxd4 8. Nxd4 Nc6 9. h3 Nxd4 10. Qxd4 Be6 11. Qa4 Qd7 12. Qb4 a5 13. Qb5 Qxb5 14. Nxb5 Bc4 15. a4 Bxf1 16. Kxf1 Rac8 17. c3 Nd7 18. Be3 Nc5 19. Ke2 h5 20. g4 hxg4 21. hxg4 Rfd8 22. g5 Kf8 23. f4 b6 24. f5 Be5 25. fxg6 fxg6 26. Bh3 e6 27. Bxc5 dxc5 28. Bxe6 Rb8 29. Rf1+ Ke7 30. Bc4 Rf8 31. Rd1 Rbd8 32. Bd5 Bb8 33. b4 Rh8 34. bxc5 bxc5 35. Kd3 Rh5 36. Rg1 Bf4 37. Na7 Rdh8 38. Kc4 Rxg5 39. Rf1 Be5 40. Rf7+ Kd6 41. Nb5# 1-0

[Event "Titled Tuesday intern op 27th Jun Early"]
[Site "Chess.com INT"]
[Date "2023.06.27"]
[Round "4"]
[White "Taspinar, Yanki"]
[Black "Pandey, Srishti"]
[Result "1-0"]
[WhiteElo "2278"]
[BlackElo "2188"]
[PlyCount "121"]
[EventDate "2023.06.27"]
[EventType "swiss (blitz)"]
[EventRounds "11"]
[EventCountry "USA"]
[SourceTitle "EXT 2024"]
[Source "ChessBase"]
[SourceDate "2023.10.10"]
[SourceVersion "1"]
[SourceVersionDate "2023.10.10"]
[SourceQuality "1"]

1. Nf3 Nf6 2. g3 g6 3. Bg2 Bg7 4. 0-0 0-0 5. d4 d6 6. b3 Nbd7 7. Bb2 e5 8. dxe5 Ng4 9. Nbd2 Ngxe5 10. Nxe5 Nxe5 11. Qc1 d5 12. Nf3 Nxf3+ 13. Bxf3 c6 14. Rd1 Qe7 15. Bxg7 Kxg7 16. c4 dxc4 17. Qxc4 Be6 18. Qc3+ Qf6 19. Qb4 b6 20. Bxc6 Bxb3 21. axb3 Qxc6 22. Rdc1 Qe6 23. e3 Rfd8 24. Rc7 Qe5 25. Raxa7 Rd1+ 26. Kg2 Rxa7 27. Rxa7 Qd5+ 28. e4 Qd3 29. Qc4 Qxc4 30. bxc4 Rc1 31. Rc7 b5 32. c5 b4 33. e5 b3 34. Rb7 Rxc5 35. e6 b2 36. Rxf7+ Kg8 37. Rb7 Rc2 38. Kf3 Kf8 39. h4 Ke8 40. Ke3 Kd8 41. f4 Rg2 42. Ke4 Ke8 43. Ke5 Rxg3 44. Kf6 Kd8 45. Rxb2 Re3 46. Rd2+ Kc7 47. Rd7+ Kc6 48. Rxh7 Re4 49. Rd7 Rxf4+ 50. Kxg6 Rxh4 51. Rd1 Re4 52. Kf6 Rf4+ 53. Ke7 Re4 54. Kf7 Rf4+ 55. Ke8 Re4 56. e7 Kc7 57. Rc1+ Kd6 58. Kd8 Rxe7 59. Rd1+ Ke6 60. Re1+ Kf6 61. Rxe7 1-0

[Event "Cesme op-A 9th"]
[Site "Cesme"]
[Date "2023.06.19"]
[Round "1"]
[White "Taspinar, Yanki"]
[Black "Petriashvili, Nikoloz"]
[Result "1/2-1/2"]
[WhiteElo "2278"]
[BlackElo "2446"]
[PlyCount "97"]
[EventDate "2023.06.19"]
[EventType "swiss"]
[EventRounds "9"]
[EventCountry "TUR"]
[SourceTitle "CBM 214 Extra"]
[Source "ChessBase"]
[SourceDate "2023.07.31"]
[SourceVersion "1"]
[SourceVersionDate "2023.07.31"]
[SourceQuality "1"]

1. d4 Nf6 2. c4 e6 3. Nc3 Bb4 4. Qc2 d5 5. cxd5 exd5 6. Bg5 h6 7. Bh4 0-0 8. e3 Be6 9. Nf3 Nbd7 10. Bd3 c6 11. a3 Bd6 12. Bg3 Qb8 13. Bxd6 Qxd6 14. h3 a5 15. 0-0 Rfc8 16. Rac1 c5 17. dxc5 Nxc5 18. Nd4 Qb6 19. Bb5 Nce4 20. Na4 Qd6 21. Qe2 g6 22. Rfd1 Kg7 23. Qe1 b6 24. Bc6 Rab8 25. b4 Qe7 26. Bb5 axb4 27. axb4 Qb7 28. Bc6 Qa7 29. Ra1 Qe7 30. b5 Nd6 31. Qb4 Rc7 32. Nb2 Nfe4 33. Nd3 g5 34. f3 Nf6 35. Re1 Nc4 36. Kf2 Na5 37. Qxe7 Rxe7 38. Nb4 Rd8 39. Rad1 Kg6 40. g4 Nc4 41. Ra1 h5 42. Nd3 Rh8 43. Kg2 Bc8 44. Nc2 Na5 45. Ndb4 Be6 46. Nd4 Nc4 47. Ndc2 Rc8 48. Kf2 Rh8 49. Kg2 1/2-1/2

[Event "Titled Tuesday intern op 14th Feb Early"]
[Site "Chess.com INT"]
[Date "2023.02.14"]
[Round "3"]
[White "Cordoba Roa, Angel Gabriel"]
[Black "Taspinar, Yanki"]
[Result "0-1"]
[WhiteElo "2214"]
[BlackElo "2262"]
[PlyCount "132"]
[EventDate "2023.02.14"]
[EventType "swiss (blitz)"]
[EventRounds "11"]
[EventCountry "USA"]
[SourceTitle "CBM 212 Extra"]
[Source "ChessBase"]
[SourceDate "2023.03.31"]
[SourceVersion "1"]
[SourceVersionDate "2023.03.31"]
[SourceQuality "1"]

1. e4 e6 2. d4 d5 3. Nc3 Bb4 4. e5 c5 5. a3 Bxc3+ 6. bxc3 Qc7 7. Qg4 Ne7 8. Qxg7 Rg8 9. Qxh7 cxd4 10. Ne2 dxc3 11. f4 Nbc6 12. h4 Bd7 13. h5 0-0-0 14. Qd3 d4 15. h6 Rh8 16. Nxd4 Nxd4 17. Qxd4 Nf5 18. Qxa7 Bc6 19. Be3 Nxe3 20. Qxe3 Qd7 21. Qxc3 Qd5 22. Bd3 Qxg2 23. 0-0-0 Qf3 24. Rdf1 Qd5 25. Rh2 Qa2 26. Qb2 Qd5 27. Rd2 Kb8 28. Qb4 Rxh6 29. f5 Qxe5 30. Re2 Qa1+ 31. Qb1 Qxa3+ 32. Qb2 Qxb2+ 33. Kxb2 Bd5 34. Re5 Rh4 35. Rg1 Kc7 36. Rg7 Kd6 37. Re1 Ke7 38. Rf1 Kf6 39. Rgg1 e5 40. Re1 Bc6 41. Re3 e4 42. Bc4 Rh2 43. Rge1 Rdd2 44. Bb3 Ke5 45. Rg3 f6 46. Rg7 Kxf5 47. Rf1+ Rdf2 48. Re1 Kf4 49. Rf7 f5 50. Be6 Rxc2+ 51. Kb1 Rb2+ 52. Ka1 Rbe2 53. Rxf5+ Ke3 54. Rb1 Rd2 55. Rb3+ Rd3 56. Rb4 Rd1+ 57. Rb1 Rxb1+ 58. Kxb1 Rf2 59. Rh5 Kd4 60. Rh4 Ke5 61. Bc4 e3 62. Kc1 Be4 63. Rh3 Kd4 64. Bb5 Rc2+ 65. Kd1 Rc5 66. Bf1 Ra5 0-1

[Event "Titled Tuesday intern op 14th Feb Early"]
[Site "Chess.com INT"]
[Date "2023.02.14"]
[Round "2"]
[White "Taspinar, Yanki"]
[Black "Nihal, Sarin"]
[Result "0-1"]
[WhiteElo "2262"]
[BlackElo "2670"]
[PlyCount "128"]
[EventDate "2023.02.14"]
[EventType "swiss (blitz)"]
[EventRounds "11"]
[EventCountry "USA"]
[SourceTitle "CBM 212 Extra"]
[Source "ChessBase"]
[SourceDate "2023.03.31"]
[SourceVersion "1"]
[SourceVersionDate "2023.03.31"]
[SourceQuality "1"]

1. Nf3 d5 2. d4 Nf6 3. g3 Bf5 4. Bg2 e6 5. 0-0 c6 6. b3 h6 7. Bb2 Nbd7 8. c4 Be7 9. Nc3 0-0 10. Nd2 a5 11. e4 dxe4 12. Ndxe4 Nxe4 13. Nxe4 a4 14. Re1 Nf6 15. Nxf6+ Bxf6 16. Qd2 axb3 17. axb3 Qb6 18. b4 Rxa1 19. Rxa1 Rd8 20. c5 Qc7 21. Qe3 Qd7 22. Rd1 Qe8 23. Bf3 Rd7 24. b5 cxb5 25. c6 bxc6 26. Bxc6 Qc8 27. Bxd7 Qxd7 28. Qf3 b4 29. Rc1 Kh7 30. h4 Qa4 31. g4 Bg6 32. h5 Bc2 33. Qe2 b3 34. Qd2 Qc6 35. Re1 Qf3 36. Qe2 Qh3 37. f3 Qg3+ 38. Kf1 Bh4 39. Rc1 f5 40. Rxc2 bxc2 41. Qxc2 Qxf3+ 42. Kg1 Qxg4+ 43. Kf1 Qxh5 44. Qb3 Qg6 45. d5 exd5 46. Qxd5 Bf6 47. Bc1 Qg4 48. Qd3 Qe4 49. Qxe4 fxe4 50. Ke2 Kg6 51. Ba3 Kf5 52. Ke3 h5 53. Bc5 h4 54. Ke2 g5 55. Bg1 g4 56. Bh2 h3 57. Bg1 Be5 58. Bf2 h2 59. Bg1 h1Q 60. Bh2 Qf3+ 61. Ke1 Bxh2 62. Kd2 Bf4+ 63. Ke1 Qg2 64. Kd1 Qd2# 0-1

[Event "Titled Tuesday intern op 14th Feb Early"]
[Site "Chess.com INT"]
[Date "2023.02.14"]
[Round "10"]
[White "Yurasova, Daria"]
[Black "Taspinar, Yanki"]
[Result "1-0"]
[WhiteElo "2032"]
[BlackElo "2262"]
[PlyCount "145"]
[EventDate "2023.02.14"]
[EventType "swiss (blitz)"]
[EventRounds "11"]
[EventCountry "USA"]
[SourceTitle "CBM 212 Extra"]
[Source "ChessBase"]
[SourceDate "2023.03.31"]
[SourceVersion "1"]
[SourceVersionDate "2023.03.31"]
[SourceQuality "1"]

1. d4 Nf6 2. Bg5 Ne4 3. Bf4 d5 4. e3 g6 5. Nd2 Nxd2 6. Qxd2 Bg7 7. Bd3 0-0 8. h4 h5 9. c3 c5 10. Nf3 Nc6 11. 0-0 Bg4 12. Be2 Rc8 13. dxc5 e5 14. Bg3 Qe7 15. Qxd5 Rfd8 16. Qe4 Bf5 17. Qc4 Be6 18. Qb5 a6 19. Qa4 Bg4 20. Qc2 Qxc5 21. Rfd1 Bf5 22. e4 Bg4 23. Rxd8+ Rxd8 24. Rd1 Rc8 25. Rd5 Qe7 26. Qd1 Be6 27. Rd2 b5 28. a4 Rb8 29. Ng5 Bc8 30. axb5 axb5 31. Rd5 f6 32. Bxb5 Rxb5 33. Rxb5 fxg5 34. Qd5+ Kh7 35. Qxc6 gxh4 36. Bxh4 Qxh4 37. Qxc8 Qxe4 38. Qc5 Qb1+ 39. Kh2 Qf5 40. Qe3 h4 41. Rb7 Kg8 42. Qf3 Qxf3 43. gxf3 Bh6 44. Rb6 Bf4+ 45. Kh3 g5 46. b4 Kf7 47. Rc6 Ke7 48. Kg4 Kd7 49. Rh6 Bd2 50. c4 Bxb4 51. Rh7+ Ke6 52. Kxg5 Be1 53. Rxh4 Bxf2 54. Rh6+ Kd7 55. Kf5 Bd4 56. Re6 Kc7 57. Rxe5 Bc3 58. Re4 Kd6 59. Kg4 Bg7 60. f4 Bf8 61. f5 Bg7 62. Kg5 Bf8 63. Kg6 Bg7 64. Kxg7 Kd7 65. f6 Kd6 66. f7 Kd7 67. c5 Kc7 68. f8Q Kd7 69. Qd6+ Kc8 70. Re8+ Kb7 71. Re7+ Kc8 72. Qd7+ Kb8 73. Qb7# 1-0

[Event "Titled Tuesday intern op 07th Feb Late"]
[Site "Chess.com INT"]
[Date "2023.02.07"]
[Round "1"]
[White "Altun, Arda"]
[Black "Taspinar, Yanki"]
[Result "0-1"]
[WhiteElo "2218"]
[BlackElo "2262"]
[PlyCount "90"]
[EventDate "2023.02.07"]
[EventType "swiss (blitz)"]
[EventRounds "11"]
[EventCountry "USA"]
[SourceTitle "EXT 2024"]
[Source "ChessBase"]
[SourceDate "2023.10.10"]
[SourceVersion "1"]
[SourceVersionDate "2023.10.10"]
[SourceQuality "1"]

1. e4 e6 2. d3 d5 3. Nd2 Nf6 4. g3 c5 5. Bg2 Nc6 6. Ngf3 Be7 7. 0-0 0-0 8. Re1 b5 9. e5 Nd7 10. Nf1 a5 11. Bf4 b4 12. h4 a4 13. N1h2 Ba6 14. h5 Re8 15. h6 g6 16. Ng4 c4 17. d4 Rc8 18. Qc1 Qb6 19. c3 a3 20. bxa3 bxc3 21. Qxc3 Qa5 22. Bd2 Qxc3 23. Bxc3 Bxa3 24. Rab1 Rb8 25. Ng5 Nb4 26. Re3 Nd3 27. Rxb8 Rxb8 28. Rf3 Rf8 29. Bf1 Be7 30. Nh3 Rb8 31. Bxd3 cxd3 32. Nf4 Rb1+ 33. Kg2 Rc1 34. Bd2 Rc2 35. Ba5 d2 36. Ne3 Rxa2 37. Bc3 g5 38. Nfxd5 exd5 39. Nxd5 d1Q 40. Nxe7+ Kf8 41. Nd5 Bf1+ 42. Kh2 Qxf3 43. Bb4+ Ke8 44. Nc7+ Kd8 45. Nb5 Qg2# 0-1

[Event "Titled Tuesday intern op 07th Feb Late"]
[Site "Chess.com INT"]
[Date "2023.02.07"]
[Round "9"]
[White "Danielyan, Vahe"]
[Black "Taspinar, Yanki"]
[Result "1-0"]
[WhiteElo "2307"]
[BlackElo "2262"]
[PlyCount "59"]
[EventDate "2023.02.07"]
[EventType "swiss (blitz)"]
[EventRounds "11"]
[EventCountry "USA"]
[SourceTitle "EXT 2024"]
[Source "ChessBase"]
[SourceDate "2023.10.10"]
[SourceVersion "1"]
[SourceVersionDate "2023.10.10"]
[SourceQuality "1"]

1. c4 Nf6 2. Nc3 c6 3. Nf3 g6 4. e3 Bg7 5. Be2 0-0 6. 0-0 d5 7. d4 Bg4 8. cxd5 cxd5 9. h3 Bxf3 10. Bxf3 e6 11. Bd2 Nc6 12. Qb3 b6 13. Rfc1 Rc8 14. Be2 Na5 15. Qa4 Qd7 16. Bb5 Qe7 17. Rc2 Nc4 18. Be1 Nd6 19. Rac1 Rc7 20. Ba6 g5 21. Nb5 Rxc2 22. Rxc2 Nxb5 23. Qxb5 Rd8 24. Bb4 Qd7 25. Qxd7 Nxd7 26. Rc7 Nb8 27. Bb5 a6 28. Be7 axb5 29. Bxd8 Bf8 30. Be7 1-0

[Event "Titled Tuesday intern op 07th Feb Early"]
[Site "Chess.com INT"]
[Date "2023.02.07"]
[Round "6"]
[White "Indjic, Aleksandar"]
[Black "Taspinar, Yanki"]
[Result "1-0"]
[WhiteElo "2641"]
[BlackElo "2262"]
[PlyCount "111"]
[EventDate "2023.02.07"]
[EventType "swiss (blitz)"]
[EventRounds "11"]
[EventCountry "USA"]
[SourceTitle "EXT 2024"]
[Source "ChessBase"]
[SourceDate "2023.10.10"]
[SourceVersion "1"]
[SourceVersionDate "2023.10.10"]
[SourceQuality "1"]

1. e4 e5 2. Nf3 Nf6 3. Nc3 Nc6 4. d4 exd4 5. Nxd4 Bb4 6. Nxc6 bxc6 7. Bd3 0-0 8. 0-0 d5 9. exd5 cxd5 10. h3 c6 11. Qf3 Bd6 12. Bf4 Re8 13. Rfe1 Be6 14. b3 Bb4 15. Bd2 Ne4 16. Bxe4 dxe4 17. Qxe4 Qxd2 18. Qxb4 Qxc2 19. Re2 Qg6 20. Re3 Bd5 21. Rg3 Qf6 22. Rd1 Rad8 23. Qc5 Be6 24. Rgd3 Rxd3 25. Rxd3 Bf5 26. Rd6 Re1+ 27. Kh2 Qe7 28. Rxc6 Qxc5 29. Rxc5 Be6 30. Ra5 Rc1 31. Nb5 g5 32. Nd4 h6 33. Nxe6 fxe6 34. Rxa7 Rc2 35. f3 h5 36. b4 e5 37. b5 g4 38. hxg4 hxg4 39. Kg3 Rc3 40. Kxg4 e4 41. fxe4 Rc5 42. a4 Kf8 43. Kf4 Rxb5 44. axb5 Ke8 45. b6 Kd8 46. Rc7 Ke8 47. b7 Kf8 48. Ke5 Kg8 49. Kd6 Kf8 50. g4 Ke8 51. g5 Kf8 52. g6 Kg8 53. e5 Kf8 54. e6 Kg8 55. Rf7 Kh8 56. b8Q# 1-0